|
|
|
|
| LEADER |
00970nam a2200181 a 4500 |
| 001 |
GR-MES8587 |
| 008 |
020919s gr 000 0 gre d |
| 040 |
|
|
|a GrPaTEI
|b gre
|c GR-PaULI
|
| 040 |
|
|
|a GrPaTEI
|b gre
|c GR-PaULI
|
| 245 |
0 |
0 |
|a Εγχειρίδιο ενημερώσεως και εφαρμογής για την αντισεισμική ενίσχυση των κτιρίων της Θεσσαλονίκης /
|c Κλέωνος Εμμ. Μαρινάκης.
|
| 260 |
|
|
|a χ.τ. :
|b Ελληνικόν Ινστιτούτο εφαρμογής της επιστήμης,
|c χ.χ.
|
| 300 |
|
|
|a 60 σελ.;πίν.;εικ.
|
| 650 |
|
4 |
|a ΣΕΙΣΜΟΛΟΓΙΑ
|
| 700 |
1 |
|
|a ΜΑΡΙΝΑΚΗΣ, Κ.
|
| 942 |
|
|
|2 ddc
|
| 952 |
|
|
|0 0
|1 0
|2 ddc
|4 0
|6 511_220000000000000_ΜΑΡ
|7 0
|9 278919
|a MSLG
|b MSLG
|c BSC
|d 2021-01-17
|e 24
|f 0
|g 0.00
|l 0
|o 511.22 ΜΑΡ
|p 2420000013385
|r 2021-01-17 00:00:00
|t 1
|w 2021-01-17
|y BK15
|x 20020919 0 1
|x GrPaTEI
|
| 971 |
|
|
|a .b25870580
|b 15-04-20
|c 14-09-16
|
| 999 |
|
|
|c 162450
|d 162450
|